Creepy facts A-Z - Statistics

General Stats
  • This quiz has been taken 34 times
  • The average score is 10 of 25
Answer Stats
Letter Hint Answer % Correct
B Getting ___ by a human can be fatal Bit
85%
D In 1945 a rooster lived for 18 months after his ___ Decapitation
76%
K As many as 80 million bacteria are transferes during a 10 seconds long ___ Kiss
70%
O Millions of tonnes of plastic enter the ___ annualy Oceans
67%
U Male giraffes drink female giraffe ___ to find out if they are fertile Urine
64%
F Snakehead ___ can walk on land Fish
61%
V It's common for children to hear ___ Voices
58%
W 1.2 million gallons of ___ are dumped into US waters annualy Waste
55%
X The average ___ addict takes 20-30 pills daily Xanax
48%
N The Olympic torch relay was invented by the ___ Nazis
45%
R ___ teeth can gnaw through cinder blocks Rat
42%
C The life expectancy in ___ was 18.9 years in 1977 Cambodia
36%
S In ancient England people drank from human ___ Skulls
36%
Y In the 1920' a KKK ___ chapter by the name of "Ku Klux Kiddies" existed Youth
36%
H ___ lizards can shoot blood from their eyes Horned
33%
I ___ can put themselves in the correct place if they are missplaced during a surgery Intestines
33%
Z ___ intercourse is legal in West Virginia as of 2024 Zoophilic
33%
G The ___ poison frog has enough poison to kill 10-15 adult people Golden
24%
E Medical ___ cause around 250000 death annualy Errors
21%
A ___ (first name & surname) believed he was haunted by a victim of the st. Valentine's day massacre Al Capone
18%
L There are at least 10 recorded cases of death by ___ Laughter
18%
M Some ___ drink human blood Moths
18%
J The ___ was a spike people sat on as a form of punishment Judas
15%
T ___ can swim Tarantulas
15%
P ___ is considered the most haunted island Poveglia
12%
No matching quizzes found
Score Distribution
Percent of People with Each Score
Percentile by Number Answered
Your Score History
You have not taken this quiz